000 00362nam a2200169Ia 4500
008 100122s9999 xx 000 0 und d
082 _b63289
_a81
100 _aAKBAR M J
245 _aBYLINE
260 _bCHRONICLE BOOKS
_c2003
300 _a404
520 _aANTHOLOGY
620 _aANTHOLOGY
630 _aBYLINE
730 _aBYLINE
942 _cBOOK
999 _c379043
_d379040